• 首页
  • 本馆介绍
  • 公告通知
  • 最新文献
  • 馆藏检索
  • 电子资源
  • 读者导购
  • 参考咨询
  • 我的图书馆
  • 登录
  • 详细信息显示
  • 放入我的书架
  • 预约/预借图书
  • 作者相关作品
  • 分类相关作品
  • 丛书相关作品
  • 出版社相关作品

书目信息

  • 表格格式
  • 工作单格式
  • 卡片格式
题名:
航行七大洋的故事
    
 
作者: 房龙 著 ;焦晓菊 译
分册:  
出版信息: 北京   现代出版社  2016
页数: 152页
开本: 22cm
丛书名: 房龙手绘图画珍藏本
单 册:
中图分类: F551.9-49
科图分类:
主题词: 航海--Hang Hai--交通运输史--世界--青少年读物
电子资源:
ISBN: 978-7-5143-3686-3
000 00985nam0 22002651 450
001 349604
005 20161009094742.67
010    @a978-7-5143-3686-3@dCNY25.80
100    @a20150920d2016 cd y0chiy50 ea
101 1  @achi@ceng
102    @aCN@b110000
105    @aa z 000yy
106    @ar
200 1  @a航行七大洋的故事@AHang Hang Qi Da Yang De Gu Shi@dShips: and how they sailed the seven seas(5000 B.C.-A.D.1935)@f(美)亨德里克·威廉·房龙著@g焦晓菊译@zeng
210    @a北京@c现代出版社@d2016
215    @a152页@c图@d22cm
225 2  @a房龙手绘图画珍藏本@AFang Long Shou Hui Tu Hua Zhen Cang Ben
461  0 @12001 @a房龙手绘图画珍藏本
510 1  @aShips: and how they sailed the seven seas(5000 B.C.-A.D.1935)@zeng
606 0  @a航海@AHang Hai@x交通运输史@y世界@j青少年读物
690    @aF551.9-49@v5
701  1 @c(美)@a房龙@AFang Long@b亨德里克·威廉@4著
702  0 @a焦晓菊@AJiao Xiao Ju@4译
801  0 @aCN@bTANGWEI@20160730
905    @b0885845-9@dF551.9-49@e10@f5
    
    航行七大洋的故事=Ships: and how they sailed the seven seas(5000 B.C.-A.D.1935)/(美)亨德里克·威廉·房龙著/焦晓菊译.-北京:现代出版社,2016
    152页:图;22cm.-(房龙手绘图画珍藏本)
    
    
    ISBN 978-7-5143-3686-3:CNY25.80
    
●
相关链接 在E读中查询图书 在五车中查询图书 在当当中查询图书 在豆瓣中查询图书


正题名:航行七大洋的故事     索取号:F551.9-49/10         预约/预借

序号 登录号 条形码 馆藏地/架位号 状态 备注
1 0885845   208858459   第一样本阅览室/ [索取号:F551.9-49/10] 在馆    
2 0885846   208858468   密集书库-海洋学院/ [索取号:F551.9-49/10] 在馆    
3 0885847   208858477   第一借阅区/ [索取号:F551.9-49/10] 在馆    
4 0885848   208858486   第一借阅区/ [索取号:F551.9-49/10] 在馆    
5 0885849   208858495   第一借阅区/ [索取号:F551.9-49/10] 在馆    
唐山师范学院图书馆 欢迎您!
大连网信软件有限公司© 版权所有